000 01141nam a2200277 a 4500
001 BRCA_3460
005 20190320204308.0
041 _afre
044 _afr
084 _a749
_b.L435
_c1741
245 1 0 _aSuite Nouvelle et Véritable de l´Histoire et des Avantures de l´Incomparable Don-Quichotte de la Manche.
_cTraduite d´un Manuscrit Espagnol de Cid Hamet Benengely son veritable Historien.
260 _aParís
_bCharle le Clerc
_c1741
300 _a6 v.
_bil.
_c17 cm.
500 _aContenido : v.1. Prefacio. Texto
500 _aReimpresión de la edición publicada en 1726, por los mismos editores. Semipiel; lomeras adornadas con filetes dorados Lúdovik Osterc
500 _aQM259B
546 _aTexto en : francés
650 1 4 _aNovela española
_yÉpoca clásica, 1500-1700
_9215
650 1 4 _aLiteratura española
_yÉpoca clásica, 1500-1700
_9216
650 1 4 _aNovela española
_ySiglo XVII
_9217
650 1 4 _aDon Quijote (Personaje ficticio)
_eNovela
_9218
700 1 _aCide Hamete Benengeli (Personaje ficticio)
_99037
740 0 _aEl Ingenioso Hidalgo Don Quijote de la Mancha
902 _aQFM
942 _2lcc
_cB
999 _c3196
_d3196